| 000 | 00732nam a2200265 a 4500 | ||
|---|---|---|---|
| 003 | AR-BaBNM | ||
| 005 | 20251128202829.0 | ||
| 008 | 082120s2002 ||||||||||||||000 | spa|| | ||
| 040 | _cAR-BaBNM | ||
| 100 | 1 | _aVillafuerte, Carlos | |
| 245 | 0 | 0 |
_aVoces y costumbres de Catamarca _bA-K _n1 |
| 260 |
_aBuenos Aires _bAcademia Argentina de Letras _c1961 |
||
| 300 |
_axx, 399 p. _bmapas |
||
| 500 | _aContiene índice de colaboradores en p. viii-xiv | ||
| 504 | _aBibliografía p. xvi-xx | ||
| 650 | 4 | _aVOCABULARIO | |
| 650 | 4 | _aCOSTUMBRES Y TRADICIONES | |
| 650 | 4 | _aLEXICO | |
| 650 | 4 | _aFILOLOGIA | |
| 650 | 4 | _aINVESTIGACION LINGÜISTICA | |
| 650 | 4 | _aDICCIONARIOS | |
| 651 | 4 | _aCatamarca | |
| 942 | _cBK | ||
| 998 | _cisola | ||
| 999 |
_c776 _d776 |
||